[Event "FIDE World Cup 2011"]
[Site "Khanty-Mansiysk RUS"]
[Date "2011.08.30"]
[Round "1.3"]
[White "Iordachescu, Viorel"]
[Black "Feller, Sebastien"]
[Result "1/2-1/2"]
[WhiteTitle "GM"]
[BlackTitle "GM"]
[WhiteElo "2646"]
[BlackElo "2666"]
[WhiteFideId "13900200"]
[BlackFideId "634654"]
[EventDate "2011.08.28"]

1. c4 c5 2. Nf3 Nc6 3. d4 cxd4 4. Nxd4 e6 5. Nc3 Nf6 6. a3 Be7 7. e4 O-O 8. Nf3
Qc7 9. Be2 b6 10. O-O Bb7 11. Bg5 Rac8 12. Rc1 Qb8 13. Bh4 Rfd8 14. Bg3 d6 15.
Nd2 Ne5 16. Re1 Ng6 17. b4 Nd7 18. Rc2 Bg5 19. Nf3 Bf6 20. Bxd6 Qa8 21. Qc1 Nde5
22. c5 bxc5 23. bxc5 Nd7 24. Qe3 Bxc3 25. Rxc3 Bxe4 26. Ng5 Bd5 27. Ba6 Rc6 28.
Bb5 Rcc8 29. Ba6 Rc6 30. Bd3 Nf6 31. Rec1 Rcc8 32. f3 Bc6 33. R3c2 Re8 34. Rb2
Rcd8 35. Rcb1 h6 36. Ne4 Nxe4 37. Bxe4 Bxe4 38. Qxe4 Ne7 39. Qxa8 Rxa8 40. Rb7
Nf5 41. Rc7 Reb8 42. Rc1 Rc8 43. Rb1 Rcb8 44. Rbb7 Rxb7 45. Rxb7 Nxd6 46. cxd6
Rd8 47. d7 a6 48. a4 Kf8 49. a5 Ke7 50. Ra7 Rxd7 51. Rxa6 Rd1+ 52. Kf2 Rd2+ 53.
Kg3 Ra2 54. h4 h5 55. Ra8 Kf6 56. a6 g6 57. Kh3 Ra3 58. Kh2 Ra1 59. g4 Ra3 60.
Kg2 Ra4 61. Kg3 Ra3 62. g5+ Kg7 63. Kf2 Ra4 64. Kg3 Ra3 65. Kf4 Ra4+ 66. Kg3 Ra3
67. Kg2 Ra4 68. Kg3 Ra3 69. Kf4 Ra4+ 70. Kg3 Ra3 71. Kf2 Ra4 72. Kg3 Ra3 73. Kf4 1/2-1/2

[Event "FIDE World Cup 2011"]
[Site "Khanty-Mansiysk RUS"]
[Date "2011.08.30"]
[Round "1.3"]
[White "Ragger, Markus"]
[Black "Alekseev, Evgeny"]
[Result "1/2-1/2"]
[WhiteTitle "GM"]
[BlackTitle "GM"]
[WhiteElo "2651"]
[BlackElo "2659"]
[WhiteFideId "1610856"]
[BlackFideId "4138147"]
[EventDate "2011.08.28"]

1. d4 Nf6 2. c4 e6 3. Nf3 d5 4. Nc3 Be7 5. Bg5 h6 6. Bh4 O-O 7. e3 Ne4 8. Bxe7
Qxe7 9. Rc1 c6 10. g4 Rd8 11. Rg1 c5 12. cxd5 Nxc3 13. Rxc3 cxd4 14. Nxd4 exd5
15. g5 hxg5 16. Qh5 g4 17. Rxc8 Rxc8 18. Qxg4 Qf8 19. Ne6 Rc1+ 20. Kd2 fxe6 21.
Qxe6+ Qf7 22. Qxf7+ Kxf7 23. Kxc1 Nd7 24. Bg2 Nf6 25. Kd2 Rh8 26. h3 Ke6 27. Ke2
Rc8 28. Kd3 Rh8 29. Rc1 Kd6 30. Ke2 Kd7 31. Rd1 Ke6 32. Rd4 Rc8 33. Kd2 b6 34.
Ra4 Rc7 35. h4 Ke5 36. f3 Kd6 37. Rd4 Ke5 38. a3 Ke6 39. Bh3+ Ke5 40. Rf4 Kd6
41. b3 Re7 42. Rf5 Nd7 43. Rg5 Nf6 44. Rg6 Rf7 45. Kd3 Ke7 46. Kd4 Kf8 47. e4
dxe4 48. fxe4 Rc7 49. e5 Ne8 50. Rg3 Rc1 51. b4 Ke7 52. Rd3 Nc7 53. Ke4 Rc4+ 54.
Kf3 Ne6 55. Rd6 Nf8 56. Bf5 g6 57. Bxg6 Nxg6 58. Rxg6 Rxh4 59. Rg7+ Ke6 60. Rxa7
Kxe5 61. Ke3 Rh3+ 62. Kd2 Kd5 63. Kc2 b5 64. Rd7+ Kc6 65. Rd3 Rh4 66. Rg3 Kb6
67. Kb3 Rf4 68. a4 bxa4+ 69. Kxa4 Rf5 70. Rg6+ Kb7 71. Rh6 Rg5 1/2-1/2

[Event "FIDE World Cup 2011"]
[Site "Khanty-Mansiysk RUS"]
[Date "2011.08.30"]
[Round "1.4"]
[White "Di Berardino, Diego Rafael"]
[Black "Kamsky, Gata"]
[Result "0-1"]
[WhiteTitle "IM"]
[BlackTitle "GM"]
[WhiteElo "2480"]
[BlackElo "2741"]
[WhiteFideId "2105446"]
[BlackFideId "2000024"]
[EventDate "2011.08.28"]

1. d4 d5 2. c4 c6 3. Nc3 Nf6 4. e3 g6 5. Nf3 Bg7 6. Be2 O-O 7. O-O a6 8. a4 a5
9. cxd5 cxd5 10. b3 Nc6 11. Ba3 Bg4 12. h3 Bxf3 13. Bxf3 Qd7 14. Qd2 Rfc8 15.
Rac1 e6 16. Rfd1 Bf8 17. Bxf8 Kxf8 18. e4 dxe4 19. Nxe4 Nxe4 20. Bxe4 Nb4 21.
Rc4 Kg8 22. h4 Qe7 23. g3 Rd8 24. h5 Rd7 25. Qf4 Rad8 26. hxg6 hxg6 27. Bf3 b6
28. Kg2 Qf8 29. Qg4 Qg7 30. Be2 Qf6 31. Bf3 Kg7 32. Be2 Nd5 33. Bf3 Ne7 34. b4
Nf5 35. bxa5 bxa5 36. d5 exd5 37. Rc5 Rb7 38. Rxa5 Rb2 39. Qf4 Qb6 40. Rd2 Ne3+
41. Qxe3 Qxe3 42. Rxb2 Qc3 43. Rbb5 Qe1 44. Rxd5 Rh8 45. Bh5 gxh5 46. Rg5+ Kf6
47. Rxh5 Qe4+ 48. Kg1 0-1

[Event "FIDE World Cup 2011"]
[Site "Khanty-Mansiysk RUS"]
[Date "2011.08.30"]
[Round "1.4"]
[White "Bezgodov, Alexei"]
[Black "Vitiugov, Nikita"]
[Result "1/2-1/2"]
[WhiteTitle "GM"]
[BlackTitle "GM"]
[WhiteElo "2503"]
[BlackElo "2733"]
[WhiteFideId "4105257"]
[BlackFideId "4152956"]
[EventDate "2011.08.28"]

1. e4 e6 2. d4 d5 3. Nd2 c5 4. exd5 Qxd5 5. Ngf3 cxd4 6. Bc4 Qd6 7. O-O Nf6 8.
Nb3 Nc6 9. Nbxd4 Nxd4 10. Nxd4 a6 11. Re1 Qc7 12. Qe2 Bc5 13. c3 1/2-1/2

[Event "FIDE World Cup 2011"]
[Site "Khanty-Mansiysk RUS"]
[Date "2011.08.30"]
[Round "1.4"]
[White "Eljanov, Pavel"]
[Black "Zherebukh, Yaroslav"]
[Result "1/2-1/2"]
[WhiteTitle "GM"]
[BlackTitle "GM"]
[WhiteElo "2697"]
[BlackElo "2590"]
[WhiteFideId "14102951"]
[BlackFideId "14116804"]
[EventDate "2011.08.28"]

1. d4 d5 2. c4 c6 3. Nf3 Nf6 4. e3 e6 5. b3 c5 6. Bb2 cxd4 7. exd4 Nc6 8. Nbd2
Be7 9. g3 O-O 10. Bg2 a5 11. O-O a4 12. Bc3 Bb4 13. Bxb4 Nxb4 14. a3 Nc6 15. b4
dxc4 16. Nxc4 Nd5 17. Nfe5 Nce7 18. Rc1 Bd7 19. Nd6 Bc6 20. Nxc6 bxc6 21. Nb7
Qb6 22. Nc5 Rfd8 23. Qc2 Nc7 24. Nxa4 Qa6 25. Bxc6 Nxc6 26. Qxc6 Qxc6 27. Rxc6
Nb5 28. Nb6 Rxa3 29. d5 Nd4 30. Rc7 exd5 31. Nxd5 Ne6 32. Ne7+ Kf8 33. Rb7 Nd4
34. Kg2 Raa8 35. Rd1 Rd6 36. Rc1 Re8 37. Rc8 Rdd8 38. Rbc7 Ne6 39. Rxd8 Rxd8 40.
Nc6 Nxc7 41. Nxd8 Ke7 42. Nc6+ Kd6 43. Nd4 Kd5 44. Nf5 g6 45. Nh6 f5 46. Ng8 Kc4
47. Nf6 h5 48. Kf3 Ne6 49. Ng8 g5 50. h4 Kxb4 51. Nf6 Kc5 52. Nxh5 gxh4 53. gxh4
Kd6 54. Ng3 Ke5 55. Ne2 Kf6 56. Nf4 Nd4+ 57. Ke3 Nc6 58. Nh5+ Kg6 59. Ng3 Kf6
60. f3 Ne7 61. Nh5+ Kg6 62. Nf4+ Kf6 63. Kd4 Nc6+ 64. Kd5 Nb4+ 65. Kc4 Nc6 66.
Kd3 Ne5+ 67. Ke3 Nc4+ 68. Kf2 Ke5 69. Kg3 Kf6 70. Nd5+ Ke5 71. Nc3 Nd6 72. h5
Nf7 73. Ne2 Kf6 74. Kf4 Ng5 75. Nd4 Nh3+ 76. Kg3 Ng5 77. Kh4 Nf7 78. Nc6 Ng5 79.
Ne5 Ne6 80. h6 Nf8 81. f4 Ne6 82. Kg3 Nf8 83. Kf2 Ne6 84. Kf3 Nf8 85. Ke3 Ne6
86. Kf3 Nd4+ 87. Kf2 Ne6 88. Ke3 Nf8 89. Kf2 Ne6 90. Kg3 Nf8 91. Kg2 Ne6 92. Kf3
Nd4+ 93. Ke3 Ne6 94. Nf3 Nxf4 95. Kxf4 Kg6 1/2-1/2

[Event "FIDE World Cup 2011"]
[Site "Khanty-Mansiysk RUS"]
[Date "2011.08.30"]
[Round "1.4"]
[White "Postny, Evgeny"]
[Black "Nielsen, Peter Heine"]
[Result "1/2-1/2"]
[WhiteTitle "GM"]
[BlackTitle "GM"]
[WhiteElo "2618"]
[BlackElo "2681"]
[WhiteFideId "2804344"]
[BlackFideId "1400355"]
[EventDate "2011.08.28"]

1. d4 Nf6 2. c4 e6 3. Nf3 d5 4. Nc3 dxc4 5. g3 Be7 6. Bg2 O-O 7. O-O Nc6 8. e3
Bd6 9. Qe2 e5 10. d5 Ne7 11. Qxc4 a6 12. Rd1 b5 13. Qb3 b4 14. Na4 Bd7 15. Qc2
Bf5 16. Qc4 Be4 17. Ne1 Bxg2 18. Nxg2 Qd7 19. b3 Qh3 20. Qh4 Qf5 21. Qc4 Ng4 22.
Qe2 e4 23. Bb2 Ng6 24. Rac1 Rae8 25. Nc5 a5 26. h3 N4e5 27. g4 Qf3 28. Qxf3
Nxf3+ 29. Kf1 f5 30. Ne6 fxg4 31. Nxf8 Rxf8 32. hxg4 Nh2+ 33. Ke2 Nxg4 34. Rf1
Nh2 35. Rh1 Ng4 36. Rcf1 Nh2 37. Rfg1 Ng4 38. Rf1 Nh2 39. Rfg1 Ng4 1/2-1/2

[Event "FIDE World Cup 2011"]
[Site "Khanty-Mansiysk RUS"]
[Date "2011.08.30"]
[Round "1.4"]
[White "Kobalia, Mikhail"]
[Black "Lysyj, Igor"]
[Result "0-1"]
[WhiteTitle "GM"]
[BlackTitle "GM"]
[WhiteElo "2679"]
[BlackElo "2629"]
[WhiteFideId "4119150"]
[BlackFideId "4150120"]
[EventDate "2011.08.28"]

1. e4 e5 2. Nf3 Nc6 3. Bc4 Bc5 4. c3 Nf6 5. d3 O-O 6. Bb3 d5 7. Qe2 a5 8. Bg5
dxe4 9. dxe4 h6 10. Bh4 a4 11. Bc4 Qd6 12. Nbd2 Nh5 13. Bg3 Bg4 14. Bd5 Nxg3 15.
hxg3 Ne7 16. Bc4 c6 17. a3 Rad8 18. O-O-O Qf6 19. Ba2 b5 20. Rh4 Be6 21. Bxe6
Qxe6 22. Ne1 Ng6 23. Rh1 Qa2 24. Nc2 Rd6 25. Nf3 Rfd8 26. Rxd6 Rxd6 27. Nh2 Qe6
28. Ng4 Rd8 29. Rf1 Ne7 30. f4 exf4 31. gxf4 f5 32. Ne5 fxe4 33. Qxe4 Qd5 34.
Qe2 Nf5 35. Rf3 Re8 36. Rd3 Qe6 37. Qg4 Bd6 38. Nxc6 Qe4 39. Rf3 Bc5 40. N6b4
Rd8 41. Qh3 Qe2 42. Rd3 Qf1+ 43. Kd2 Qxf4+ 44. Kd1 Qf1+ 45. Kd2 Qf4+ 46. Kd1
Qf1+ 47. Ne1 Ne3+ 48. Qxe3 Bxe3 49. Rxd8+ Kh7 50. Nd3 Qf6 51. Rd5 Qc6 52. Re5
Bg5 53. Rc5 Qd7 54. Kc2 Be7 55. Re5 Bf6 56. Re2 Qd5 57. Nf3 h5 58. Nd2 h4 59.
Ne4 Bd8 60. Ndf2 Qf5 61. Nd3 Bc7 62. Re3 Qg4 0-1

[Event "FIDE World Cup 2011"]
[Site "Khanty-Mansiysk RUS"]
[Date "2011.08.30"]
[Round "1.4"]
[White "Quesada Perez, Yuniesky"]
[Black "Bruzon Batista, Lazaro"]
[Result "1/2-1/2"]
[WhiteTitle "GM"]
[BlackTitle "GM"]
[WhiteElo "2635"]
[BlackElo "2673"]
[WhiteFideId "3504409"]
[BlackFideId "3503739"]

1. e4 e6 2. d4 d5 3. Nc3 Bb4 4. e5 b6 5. a3 Bxc3+ 6. bxc3 Ba6 7. Bxa6 Nxa6 8.
Qg4 f5 9. Qg3 Kf7 10. Ne2 Qd7 11. a4 Nb8 12. h4 Ne7 13. h5 h6 14. Nf4 Nbc6 15.
Ba3 Rhe8 16. Qf3 Kg8 17. Rg1 Rac8 18. Qd3 Na5 19. Bxe7 Rxe7 20. g4 fxg4 21. Rxg4
c5 22. Rg6 cxd4 23. cxd4 Nc6 24. c3 Rf7 25. Nxe6 Ne7 26. f4 Rc6 27. Qh3 Qc8 28.
Ra3 Nf5 29. Nd8 Rxg6 30. hxg6 Rf8 31. Nf7 Qe6 32. Qg4 Nxd4 33. Qxe6 Nxe6 34. f5
Ng5 35. e6 Ne4 36. c4 dxc4 37. Re3 Nf6 38. Nd6 Nd5 39. Re4 Ne7 40. Rxc4 Rd8 41.
Nf7 Rc8 42. Rxc8+ Nxc8 43. Kf2 Ne7 44. Nd6 a6 45. Kf3 b5 46. axb5 axb5 47. Nxb5
Nxf5 48. Kg4 Ne7 49. Kh5 Nd5 50. Kg4 1/2-1/2

[Event "FIDE World Cup 2011"]
[Site "Khanty-Mansiysk RUS"]
[Date "2011.08.30"]
[Round "1.4"]
[White "Feller, Sebastien"]
[Black "Iordachescu, Viorel"]
[Result "1-0"]
[WhiteTitle "GM"]
[BlackTitle "GM"]
[WhiteElo "2666"]
[BlackElo "2646"]
[WhiteFideId "634654"]
[BlackFideId "13900200"]
[EventDate "2011.08.28"]

1. d4 Nf6 2. c4 e6 3. g3 c5 4. Nf3 cxd4 5. Nxd4 Bb4+ 6. Nc3 Ne4 7. Qc2 Qa5 8.
Bg2 Nxc3 9. O-O Nc6 10. bxc3 Bxc3 11. Nb3 Qe5 12. Rb1 Qf6 13. Nc5 Be5 14. Ba3
Qe7 15. Qd3 a5 16. Nxb7 Nb4 17. Qe3 Bc7 18. Nxa5 Nc2 19. Bxe7 Nxe3 20. Bxa8 Kxe7
21. Nc6+ dxc6 22. fxe3 Bd7 23. Bb7 h5 24. c5 h4 25. Ba6 hxg3 26. hxg3 Ra8 27.
Rb7 Kd8 28. Bc4 f6 29. Kf2 Kc8 30. Rbb1 Ra4 31. Bd3 Be5 32. Rh1 Ra5 33. Rh8+ Kc7
34. Rg8 f5 35. Rc1 Rxa2 36. Rf8 Ra5 37. Rf7 Kd8 38. Rf8+ Ke7 39. Rh8 Be8 40. Rh7
Bf7 41. Rh8 Be8 42. Rhh1 Bd7 43. Rc2 Ra4 44. Rc4 Ra5 45. Rb1 Be8 46. Rb7+ Kf6
47. Bc2 Ra2 48. Rbb4 Bh5 49. Ra4 Rb2 50. Ra6 Be8 51. Ba4 Bh5 52. Rc2 Rb4 53.
Bxc6 Rg4 54. Bf3 Bxg3+ 55. Kf1 Rg5 56. Bxh5 Rxh5 57. c6 Rh8 58. Kg2 Be5 59. c7
Rc8 60. Rcc6 f4 61. Rxe6+ Kf5 62. e4+ 1-0

[Event "FIDE World Cup 2011"]
[Site "Khanty-Mansiysk RUS"]
[Date "2011.08.30"]
[Round "1.4"]
[White "Alekseev, Evgeny"]
[Black "Ragger, Markus"]
[Result "1-0"]
[WhiteTitle "GM"]
[BlackTitle "GM"]
[WhiteElo "2659"]
[BlackElo "2651"]
[WhiteFideId "4138147"]
[BlackFideId "1610856"]
[EventDate "2011.08.28"]

1. d4 d5 2. c4 c6 3. Nf3 Nf6 4. e3 Bg4 5. h3 Bxf3 6. Qxf3 e6 7. Nc3 Nbd7 8. Bd3
Bb4 9. Bd2 O-O 10. a3 Ba5 11. O-O Re8 12. Qd1 Bc7 13. Qc2 Qe7 14. Rfd1 dxc4 15.
Bxc4 Nb6 16. Bf1 e5 17. Be1 Rad8 18. dxe5 Qxe5 19. g3 h5 20. Bg2 h4 21. Rxd8
Rxd8 22. g4 Nbd5 23. Rd1 Re8 24. Qf5 Qh2+ 25. Kf1 Re6 26. g5 g6 27. Qf3 Nxc3 28.
Bxc3 Nd5 29. Bd4 Be5 30. Qg4 Bxd4 31. Rxd4 Qe5 32. Qxh4 Qf5 33. Be4 Qe5 34. Kg2
Re8 35. Qg3 Qe6 36. Bf3 Ne7 37. Re4 Qf5 38. h4 Qc5 39. Qc7 Kf8 40. Qxb7 Qd6 41.
Qxa7 Rc8 42. Qd4 Qxd4 43. Rxd4 Nf5 44. Rc4 Rb8 45. b4 Ra8 46. Bxc6 Rxa3 47. Kf3
Rb3 48. Be4 Nd6 49. Rd4 Ke7 50. Bd3 Rb2 51. Kg3 Rb3 52. Kg4 Rb2 53. f4 Rg2+ 54.
Kf3 Rh2 55. Kg3 Rb2 56. e4 Rb3 57. Kg4 Ne8 58. f5 Nc7 59. h5 gxh5+ 60. Kxh5 f6
61. Kg6 fxg5 62. f6+ Ke8 63. Bc4 Rf3 64. b5 1-0

[Event "FIDE World Cup 2011"]
[Site "Khanty-Mansiysk RUS"]
[Date "2011.08.30"]
[Round "1.5"]
[White "Vitiugov, Nikita"]
[Black "Bezgodov, Alexei"]
[Result "1-0"]
[WhiteTitle "GM"]
[BlackTitle "GM"]
[WhiteElo "2733"]
[BlackElo "2503"]
[WhiteFideId "4152956"]
[BlackFideId "4105257"]
[EventDate "2011.08.28"]

1. d4 d5 2. c4 e6 3. Nc3 Be7 4. cxd5 exd5 5. Bf4 Nf6 6. e3 O-O 7. Bd3 c5 8. Nge2
Nc6 9. O-O Be6 10. dxc5 Bxc5 11. Rc1 Bd6 12. Bb1 Re8 13. Bxd6 Qxd6 14. h3 Rad8
15. Nd4 Qb4 16. Nxc6 bxc6 17. Na4 d4 18. a3 Qb8 19. exd4 Bb3 20. Bc2 Bxa4 21.
Bxa4 Qxb2 22. Bxc6 Rxd4 23. Qc2 Qxc2 24. Rxc2 Rc8 25. Rfc1 Kf8 26. Bb5 Rd1+ 27.
Rxd1 Rxc2 28. Re1 g6 29. g3 h5 30. Kg2 Rb2 31. Ba4 Rb6 32. Re3 Ra6 33. Bb5 Rb6
34. Re5 Rd6 35. Be2 Rd7 36. Bf3 Rc7 37. a4 Nd7 38. Rb5 Nc5 39. a5 Ke7 40. g4
hxg4 41. hxg4 Kd6 42. Kg3 g5 43. Rb8 f6 44. Rd8+ Ke7 45. Rb8 Kd6 46. Rf8 Ke7 47.
Rb8 Kd6 48. Rd8+ Ke7 49. Rh8 Kd6 50. Be2 Ne6 51. Ra8 Nd4 52. Bf1 Nb3 53. a6 Nc5
54. Kf3 Re7 55. Bb5 Ne6 56. Bc4 Rc7 57. Bf1 Rc3+ 58. Ke4 Rc7 59. Kf5 Ke7 60. Kg6
Nf4+ 61. Kh6 Kd6 62. Rb8 Ke6 63. Rb7 Re7 64. Bc4+ Kd6 65. f3 Rd7 66. Bb3 Re7 67.
Bc2 Rd7 68. Be4 Re7 69. Bf5 Nd5 70. Kg6 Rxb7 71. axb7 Kc7 72. Be4 Nc3 73. Kxf6
a5 74. Bc2 Kxb7 75. Kxg5 Kc6 76. Kf6 Kd6 77. g5 Nd5+ 78. Kf7 Nf4 79. g6 Nh5 80.
f4 1-0

[Event "FIDE World Cup 2011"]
[Site "Khanty-Mansiysk RUS"]
[Date "2011.08.30"]
[Round "1.5"]
[White "Bruzon Batista, Lazaro"]
[Black "Quesada Perez, Yuniesky"]
[Result "1/2-1/2"]
[WhiteTitle "GM"]
[BlackTitle "GM"]
[WhiteElo "2673"]
[BlackElo "2635"]
[WhiteFideId "3503739"]
[BlackFideId "3504409"]
[EventDate "2011.08.28"]

1. d4 Nf6 2. Nf3 e6 3. e3 b6 4. Bd3 Bb7 5. O-O Be7 6. c4 O-O 7. Nc3 d5 8. b3 c5
9. cxd5 Nxd5 10. Nxd5 Qxd5 11. e4 Qh5 12. dxc5 Bxc5 13. Qe2 Nc6 14. a3 Rfd8 15.
Bb2 Nd4 16. Nxd4 Qxe2 17. Bxe2 Bxd4 18. Bxd4 Rxd4 19. f3 Rd2 20. Rf2 Rc8 21. Bc4
Rdd8 22. h4 1/2-1/2

[Event "FIDE World Cup 2011"]
[Site "Khanty-Mansiysk RUS"]
[Date "2011.08.30"]
[Round "1.6"]
[White "Bezgodov, Alexei"]
[Black "Vitiugov, Nikita"]
[Result "0-1"]
[WhiteTitle "GM"]
[BlackTitle "GM"]
[WhiteElo "2503"]
[BlackElo "2733"]
[WhiteFideId "4105257"]
[BlackFideId "4152956"]
[EventDate "2011.08.28"]

1. e4 e6 2. d4 d5 3. Nd2 c5 4. Ngf3 cxd4 5. Nxd4 Nc6 6. Bb5 Bd7 7. Nxc6 Bxc6 8.
Bxc6+ bxc6 9. c4 Nf6 10. Qa4 Qc7 11. cxd5 exd5 12. O-O Be7 13. Re1 O-O 14. e5
Nd7 15. Nf3 Nc5 16. Qg4 Ne6 17. h4 Rab8 18. b3 Rb4 19. Qg3 h5 20. Ng5 Rg4 21.
Qd3 Nxg5 22. hxg5 Bxg5 23. Ba3 Be7 24. Bb2 Qd7 25. Rac1 c5 26. Rcd1 d4 27. Re2
Qd5 28. f3 Rg6 29. Bc1 h4 30. Qf5 a5 31. f4 a4 32. Rd3 axb3 33. axb3 Rb8 34. Rb2
Rgb6 35. Qh3 c4 0-1

[Event "FIDE World Cup 2011"]
[Site "Khanty-Mansiysk RUS"]
[Date "2011.08.30"]
[Round "1.6"]
[White "Nielsen, Peter Heine"]
[Black "Postny, Evgeny"]
[Result "1/2-1/2"]
[WhiteTitle "GM"]
[BlackTitle "GM"]
[WhiteElo "2681"]
[BlackElo "2618"]
[WhiteFideId "1400355"]
[BlackFideId "2804344"]
[EventDate "2011.08.28"]

1. d4 Nf6 2. c4 e6 3. Nf3 b6 4. g3 Bb4+ 5. Bd2 a5 6. Bg2 O-O 7. O-O Ba6 8. Qc2
c5 9. Rd1 Ra7 10. d5 Bxd2 11. Rxd2 d6 12. e4 exd5 13. exd5 Re8 14. Na3 Rae7 15.
Rdd1 Re2 16. Rd2 R2e7 17. Rdd1 Re2 18. Rd2 1/2-1/2

[Event "FIDE World Cup 2011"]
[Site "Khanty-Mansiysk RUS"]
[Date "2011.08.30"]
[Round "1.7"]
[White "Postny, Evgeny"]
[Black "Nielsen, Peter Heine"]
[Result "0-1"]
[WhiteTitle "GM"]
[BlackTitle "GM"]
[WhiteElo "2618"]
[BlackElo "2681"]
[WhiteFideId "2804344"]
[BlackFideId "1400355"]
[EventDate "2011.08.28"]

1. d4 Nf6 2. c4 e6 3. Nf3 d5 4. Nc3 dxc4 5. g3 Be7 6. Qa4+ c6 7. Qxc4 b5 8. Qb3
a6 9. Bg2 Bb7 10. O-O c5 11. dxc5 Nbd7 12. Rd1 Qc8 13. Be3 Nxc5 14. Qc2 b4 15.
Nb1 Be4 16. Qc4 O-O 17. Nbd2 Bd5 18. Qxb4 Rb8 19. Qa3 Ng4 20. Bd4 e5 21. Nxe5
Bxg2 22. Kxg2 Nxe5 23. Bxe5 Rb5 24. Qf3 Ne6 25. Rac1 Qe8 26. Nc4 Ng5 27. Qg4 f5
28. Qd4 Qc6+ 29. f3 Qh6 30. h4 Nf7 31. Bf4 Qe6 32. Qe3 Qf6 33. Rd7 Bc5 34. Qd3
Re8 35. Rd5 Bf8 36. Rc2 g6 37. a4 Rb7 38. Bd2 Rbe7 39. Bc3 Qe6 40. Qd4 Qc6 41.
Kf1 Qxa4 42. h5 Qxc2 43. e3 Qc1+ 44. Kf2 Qc2+ 45. Kf1 Qb3 46. Nd6 Rxe3 47. hxg6
hxg6 48. Nxe8 Rxe8 49. Rd7 Qb5+ 50. Kg2 Qe2+ 51. Kg1 Qe3+ 0-1

[Event "FIDE World Cup 2011"]
[Site "Khanty-Mansiysk RUS"]
[Date "2011.08.30"]
[Round "1.8"]
[White "Nielsen, Peter Heine"]
[Black "Postny, Evgeny"]
[Result "1-0"]
[WhiteTitle "GM"]
[BlackTitle "GM"]
[WhiteElo "2681"]
[BlackElo "2618"]
[WhiteFideId "1400355"]
[BlackFideId "2804344"]
[EventDate "2011.08.28"]

1. d4 Nf6 2. c4 e6 3. Nf3 b6 4. g3 Bb4+ 5. Bd2 a5 6. Bg2 O-O 7. O-O Ba6 8. Qc2
c5 9. Rd1 d5 10. Bg5 cxd4 11. cxd5 d3 12. exd3 h6 13. Bxf6 Qxf6 14. Nc3 Nd7 15.
dxe6 fxe6 16. Ne4 Qf7 17. Rac1 Rad8 18. Qe2 e5 19. Rc7 Qxa2 20. Qc2 Qe6 21. h4
Nc5 22. d4 exd4 23. Nxd4 Qg6 24. Rc6 Qg4 25. Rxb6 Nxe4 26. Bxe4 Bc8 27. Qb3+ Kh8
28. Bf3 Qh3 29. Qe3 Bc5 30. Rxh6+ Kg8 31. Qb3+ Rf7 32. Bh5 Rf8 33. Bxf7+ Rxf7
34. Rh8+ Kxh8 35. Qxf7 Qg4 36. Qf3 Qg6 37. Ne2 Bg4 38. Nf4 Qf5 39. Rd8+ Kh7 40.
Qd3 Qxd3 41. Nxd3 Bb6 42. Rd5 Bf3 43. Rb5 Bc7 44. Nf4 a4 45. Rb4 Bd1 46. Rb7 Be5
47. Nd3 Bf6 48. Nc5 Bf3 49. Ra7 Bd4 50. Ra5 Kg6 51. Nxa4 1-0

[Event "FIDE World Cup 2011"]
[Site "Khanty-Mansiysk RUS"]
[Date "2011.09.03"]
[Round "3.1"]
[White "Tomashevsky, Evgeny"]
[Black "Gashimov, Vugar"]
[Result "1/2-1/2"]
[WhiteTitle "GM"]
[BlackTitle "GM"]
[WhiteElo "2707"]
[BlackElo "2760"]
[WhiteFideId "4147235"]
[BlackFideId "13400630"]
[EventDate "2011.08.28"]

1. d4 d5 2. c4 c6 3. Nf3 Nf6 4. e3 g6 5. Nc3 Bg7 6. Be2 O-O 7. O-O dxc4 8. Bxc4
Bg4 9. Be2 Qb6 10. Qc2 Nbd7 11. Rd1 Bxf3 12. Bxf3 e5 13. Na4 Qc7 14. d5 e4 15.
d6 Qd8 16. Bxe4 Nxe4 17. Qxe4 Re8 18. Qc2 Re6 19. Bd2 Rxd6 20. Bb4 Rxd1+ 21.
Rxd1 Qe8 1/2-1/2

[Event "FIDE World Cup 2011"]
[Site "Khanty-Mansiysk RUS"]
[Date "2011.09.03"]
[Round "3.1"]
[White "Potkin, Vladimir"]
[Black "Vitiugov, Nikita"]
[Result "1/2-1/2"]
[WhiteTitle "GM"]
[BlackTitle "GM"]
[WhiteElo "2682"]
[BlackElo "2733"]
[WhiteFideId "4131061"]
[BlackFideId "4152956"]
[EventDate "2011.08.28"]

1. e4 e6 2. d4 d5 3. Nd2 c5 4. exd5 Qxd5 5. dxc5 Nf6 6. Nb3 Qxd1+ 7. Kxd1 Bd7 8.
f3 Be7 9. Na5 Bc6 10. Be3 Nbd7 11. c3 Bxc5 12. Bxc5 1/2-1/2

[Event "FIDE World Cup 2011"]
[Site "Khanty-Mansiysk RUS"]
[Date "2011.09.03"]
[Round "3.1"]
[White "Parligras, Mircea-Emilian"]
[Black "Nielsen, Peter Heine"]
[Result "1/2-1/2"]
[WhiteTitle "GM"]
[BlackTitle "GM"]
[WhiteElo "2636"]
[BlackElo "2681"]
[WhiteFideId "1204297"]
[BlackFideId "1400355"]
[EventDate "2011.08.28"]

1. c4 Nf6 2. Nc3 c5 3. g3 g6 4. Bg2 Bg7 5. e3 O-O 6. Nge2 e6 7. d4 cxd4 8. Nxd4
d5 9. cxd5 Nxd5 10. Nxd5 exd5 11. Bd2 Bxd4 12. exd4 Re8+ 13. Be3 Bf5 14. Qb3
Qa5+ 15. Kf1 Qa6+ 16. Kg1 Be4 17. h4 Nc6 18. Bxe4 dxe4 19. h5 Na5 20. Qa4 Nc4
21. Qxa6 bxa6 22. hxg6 fxg6 23. Bg5 e3 24. fxe3 Nxe3 25. Rh2 Nf5 1/2-1/2

[Event "FIDE World Cup 2011"]
[Site "Khanty-Mansiysk RUS"]
[Date "2011.09.03"]
[Round "3.1"]
[White "Navara, David"]
[Black "Moiseenko, Alexander"]
[Result "1/2-1/2"]
[WhiteTitle "GM"]
[BlackTitle "GM"]
[WhiteElo "2722"]
[BlackElo "2715"]
[WhiteFideId "309095"]
[BlackFideId "14102560"]
[EventDate "2011.08.28"]

1. c4 e5 2. g3 c6 3. d4 Bb4+ 4. Bd2 Bxd2+ 5. Qxd2 d6 6. Nc3 Nf6 7. Bg2 O-O 8. e3
Re8 9. Nge2 Nbd7 10. h3 Nf8 11. O-O e4 12. f4 exf3 13. Rxf3 h6 14. Raf1 N8h7 15.
e4 Be6 16. b3 a6 17. R3f2 Qe7 18. g4 Rad8 19. Ng3 b5 20. cxb5 axb5 21. Nd1 c5
22. Ne3 cxd4 23. Qxd4 Bd7 24. Rd1 Bc6 25. Nef5 Qe5 26. Qxe5 Rxe5 27. Rxd6 Rxd6
28. Nxd6 Rc5 29. Ngf5 Bd7 30. Ne7+ Kf8 31. Nd5 Be6 32. b4 Rc1+ 33. Kh2 Re1 34.
a3 Bd7 35. Rf1 Re2 36. Nc3 Rc2 37. Ncxb5 h5 38. e5 hxg4 39. Nd4 Rd2 40. exf6
gxh3 41. fxg7+ Kg8 42. Rxf7 Rxg2+ 43. Kh1 Rxg7 44. Rxg7+ Kxg7 45. b5 Nf6 46. b6
Ba4 47. Ne6+ Kg6 48. Nf8+ Kg7 49. Ne6+ Kg6 50. Nf8+ Kg7 51. b7 Bc6+ 52. Kh2 Bxb7
53. Ne6+ Kg6 54. Nxb7 Kf5 55. Nc7 Ng4+ 56. Kxh3 Ne3 57. a4 Nc4 58. Kh4 Kf6 59.
Nc5 Ke5 60. Nb3 Kd6 61. Nb5+ Kc6 62. N5d4+ Kb6 63. Ne6 Nb2 64. a5+ Kb5 65. Ned4+
Ka6 66. Ne6 Nc4 67. Nec5+ Ka7 68. a6 Kb6 69. Kg5 Ne5 70. Na5 Nd7 71. Nc4+ Ka7
72. Nxd7 1/2-1/2